| Tag |
First Indicator |
Second Indicator |
Subfields |
| LEADER |
00000cam a2200000 a 4500 |
| 001 |
in00002414021 |
| 005 |
20151109140331.0 |
| 008 |
071127s2009 enkab b 001 0 eng |
| 010 |
|
|
|a 2007048679
|
| 020 |
|
|
|a 9780415463027
|
| 020 |
|
|
|a 0415463025
|
| 020 |
|
|
|a 9780415457590 (pbk.)
|
| 020 |
|
|
|a 0415457599 (pbk.)
|
| 020 |
|
|
|a 9780203932483 (ebk.)
|
| 020 |
|
|
|a 020393248X (ebk.)
|
| 029 |
1 |
|
|a NLGGC
|b 310667712
|
| 029 |
1 |
|
|a NZ1
|b 12367428
|
| 035 |
|
|
|a (OCoLC)ocn183162262
|
| 035 |
|
|
|a (OCoLC)183162262
|
| 040 |
|
|
|a DLC
|c DLC
|d BAKER
|d YDXCP
|d BTCTA
|d BWKUK
|d BWK
|d BWX
|d UtOrBLW
|
| 049 |
|
|
|a TXAM
|
| 050 |
0 |
0 |
|a GE45.M37
|b B48 2009
|
| 082 |
0 |
0 |
|a 628
|2 22
|
| 100 |
1 |
|
|a Beven, K. J.
|
| 245 |
1 |
0 |
|a Environmental modelling :
|b an uncertain future? : an introduction to techniques for uncertainty estimation in environmental prediction /
|c Keith Beven.
|
| 264 |
|
1 |
|a London ;
|a New York :
|b Routledge,
|c 2009.
|
| 300 |
|
|
|a xvii, 310 pages :
|b illustrations, maps ;
|c 26 cm.
|
| 336 |
|
|
|a text
|b txt
|2 rdacontent
|
| 337 |
|
|
|a unmediated
|b n
|2 rdamedia
|
| 338 |
|
|
|a volume
|b nc
|2 rdacarrier
|
| 504 |
|
|
|a Includes bibliographical references (pages [280]-304) and index.
|
| 650 |
|
0 |
|a Environmental sciences
|x Mathematical models.
|
| 938 |
|
|
|a Baker & Taylor
|b BKTY
|c 59.95
|d 59.95
|i 0415457599
|n 0007674749
|s active
|
| 938 |
|
|
|a Baker & Taylor
|b BKTY
|c 155.00
|d 155.00
|i 0415463025
|n 0007687532
|s active
|
| 938 |
|
|
|a Baker and Taylor
|b BTCP
|n 2007048679
|
| 938 |
|
|
|a Blackwell Book Service UK
|b BBUK
|n L1791863
|c 90.00
|
| 938 |
|
|
|a YBP Library Services
|b YANK
|n 2795427
|
| 938 |
|
|
|a Blackwell Book Service
|b BBUS
|n R2736059
|c $59.95
|
| 945 |
|
|
|a PromptCat
|b 526766
|
| 946 |
|
|
|a stk
|
| 947 |
|
|
|a A14836646742
|
| 994 |
|
|
|a 92
|b TXA
|
| 948 |
|
|
|a cataloged
|b h
|d 2008/10/16
|h c
|e asalazar
|f 12:40:54 pm
|
| 999 |
|
|
|a MARS
|
| 999 |
f |
f |
|s 1ac9637a-9fe0-382f-9d3e-ddcd139dd1d1
|i 5f8d9f71-153b-3749-973c-dfb677eb51db
|t 0
|
| 952 |
f |
f |
|p ric
|a Texas A&M University
|b Rellis Campus
|c Joint Library Facility
|d Remote Storage
|t 0
|e GE45.M37 B48 2009
|h Library of Congress classification
|i unmediated -- volume
|m A14836646742
|
| 998 |
f |
f |
|a GE45.M37 B48 2009
|t 0
|l Remote Storage
|